| 000 | 01346cam a2200325 a 4500 | ||
|---|---|---|---|
| 999 |
_c233506 _d233506 |
||
| 001 | 15154613 | ||
| 003 | Nust | ||
| 005 | 20170308122303.0 | ||
| 008 | 080125s2008 nyu 000 1 eng | ||
| 010 | _a 2008003700 | ||
| 020 | _a9780755309337 | ||
| 035 | _a(OCoLC)ocn156818364 | ||
| 035 | _a(OCoLC)156818364 | ||
| 040 |
_aDLC _cDLC _dYDX _dBTCTA _dBAKER _dYDXCP _dUPZ _dILC _dB2A _dVP@ _dDLC |
||
| 050 | 0 | 0 |
_aPS3563.A73358 _bS53 2008 |
| 082 | 0 | 0 |
_a813.54 _bMAR |
| 100 | 1 |
_aMartini, Steve, _d1946- |
|
| 245 | 1 | 0 |
_aShadow of power : _ba Paul Madriani novel / _cSteve Martini. |
| 250 | _a1st ed. | ||
| 260 |
_aNew York, NY : _bWilliam Morrow, _c2008. |
||
| 300 |
_a566 p. ; _c24 cm. |
||
| 650 | 0 |
_aMadriani, Paul (Fictitious character) _vFiction. |
|
| 655 | 7 |
_aLegal stories. _2gsafd |
|
| 655 | 7 |
_aMystery fiction. _2gsafd |
|
| 856 | 4 | 2 |
_3Contributor biographical information _uhttp://www.loc.gov/catdir/enhancements/fy0911/2008003700-b.html |
| 856 | 4 | 2 |
_3Publisher description _uhttp://www.loc.gov/catdir/enhancements/fy0911/2008003700-d.html |
| 906 |
_a7 _bcbc _corignew _d1 _eecip _f20 _gy-gencatlg |
||
| 942 |
_2ddc _cBK |
||